Novejšaja architektura SŠA.

Uložené v:
Podrobná bibliografia
Hlavný autor: Christiani, A. M.
Médium: Kniha
Jazyk:Slovak
Vydané: 1963.
Tagy: Pridať tag
Žiadne tagy, Buďte prvý kto otaguje tento záznam!

MARC

LEADER 00000nam a22000004a 4500
001 000514708
005 20160727073244.0
008 160727s1963 xo e 000 0 slo d
040 |a SVKKK  |b slo  |c SVKKK  |e AACR2 
100 1 |a Christiani, A. M. 
245 1 0 |a Novejšaja architektura SŠA. 
260 |c 1963. 
500 |a Záznam revízie 
910 |a svkkk 
998 |a BK 
090 |g SCKHL  |k Sklad Pribinova 2. posch.  |a X0.3934  |j 016929  |i 514708-10  |4 Zastaraná  |s Vyradená